000
00339nam a2200133Ia 4500
008
250506s9999 xx 000 0 und d
024
_a
02B-BCS3-09
082
_a
004.6072 NAZ
100
_a
Nazma Raza
245
0
_a
E-Commerce
260
_a
Karachi:
_b
UIT,
_c
2002
600
_a
Computer Science
650
_a
Bachelor of Computer Science (BS)
999
_c
27411
_d
27411